000 00548 a2200157 4500
999 _c9286
_d9286
020 _a9789956764327
050 _aHD9506MIN2017
100 _aNhemachena Artwell
_eeditor
245 _aMining Africa:
_bLaw,environment,society and politics in historical and multidisciplinary perspectives /
_cedited by Artwell Nhema and Tapiwa V Warikandwa
264 _aBamenda:
_bLangaa research and publishing CIG,
_c2017
300 _a380p. :
500 _aincludes index
650 _amining
700 _aWarikandwa Tapiwa V
942 _2lcc
_cBK
_h 9506
_iMIN
_kHD